[Event "World Youth & Cadets Blitz Championships"]
[Site "Rhodes, Greece"]
[Date "2022.05.03"]
[Round "6.13"]
[White "Niezhentsev, Kyrylo"]
[Black "Kuru, Atilla"]
[Result "1/2-1/2"]
[TimeControl "5'/game & 2\"/move"]
[WhiteElo "2060"]
[BlackElo "2023"]

1. e4 {[%clk 00:05:03]} e6 {[%clk 00:05:03]} {[%emt 00:00:01]} 2. d4 {[%clk
00:05:04]} {[%emt 00:00:02]} d5 {[%clk 00:05:04]} {[%emt 00:00:01]} 3. Nc3
{[%clk 00:05:04]} {[%emt 00:00:01]} Bb4 {[%clk 00:05:04]} {[%emt 00:00:02]} 4.
e5 {[%clk 00:05:05]} {[%emt 00:00:01]} c5 {[%clk 00:05:05]} {[%emt 00:00:01]} 5.
a3 {[%clk 00:05:05]} {[%emt 00:00:02]} Bxc3+ {[%clk 00:05:05]} {[%emt
00:00:02]} 6. bxc3 {[%clk 00:05:06]} Qc7 {[%clk 00:05:06]} {[%emt 00:00:01]} 7.
Qg4 {[%clk 00:05:06]} {[%emt 00:00:02]} f6 {[%clk 00:05:07]} {[%emt 00:00:02]}
8. Nf3 {[%clk 00:05:06]} {[%emt 00:00:02]} b6 {[%clk 00:04:45]} {[%emt
00:00:23]} 9. Bb5+ {[%clk 00:04:51]} {[%emt 00:00:17]} Kf8 {[%clk 00:04:46]}
{[%emt 00:00:01]} 10. O-O {[%clk 00:04:20]} {[%emt 00:00:34]} c4 {[%clk
00:04:44]} {[%emt 00:00:04]} 11. exf6 {[%clk 00:02:06]} {[%emt 00:02:15]} Nxf6
{[%clk 00:04:37]} {[%emt 00:00:09]} 12. Qf4 {[%clk 00:02:07]} {[%emt 00:00:01]}
Qxf4 {[%clk 00:04:33]} {[%emt 00:00:07]} 13. Bxf4 {[%clk 00:02:07]} {[%emt
00:00:01]} a6 {[%clk 00:04:33]} {[%emt 00:00:01]} 14. Bd6+ {[%clk 00:01:46]}
{[%emt 00:00:24]} Kg8 {[%clk 00:04:24]} {[%emt 00:00:11]} 15. Bxb8 {[%clk
00:01:44]} {[%emt 00:00:04]} Rxb8 {[%clk 00:04:25]} {[%emt 00:00:01]} 16. Bc6
{[%clk 00:01:45]} {[%emt 00:00:02]} Ne4 {[%clk 00:04:12]} {[%emt 00:00:14]} 17.
Rfe1 {[%clk 00:01:33]} {[%emt 00:00:13]} Nxc3 {[%clk 00:04:02]} {[%emt
00:00:13]} 18. Ng5 {[%clk 00:01:20]} {[%emt 00:00:15]} h6 {[%clk 00:03:30]}
{[%emt 00:00:35]} 19. Nxe6 {[%clk 00:01:15]} {[%emt 00:00:06]} Kh7 {[%clk
00:03:27]} {[%emt 00:00:05]} 20. Nf4 {[%clk 00:01:04]} {[%emt 00:00:13]} Rd8
{[%clk 00:03:21]} {[%emt 00:00:08]} 21. Re5 {[%clk 00:01:01]} {[%emt 00:00:05]}
Bb7 {[%clk 00:03:15]} {[%emt 00:00:09]} 22. Bxb7 {[%clk 00:01:01]} {[%emt
00:00:02]} Rxb7 {[%clk 00:03:16]} 23. Rae1 {[%clk 00:00:54]} {[%emt 00:00:08]}
Rbd7 {[%clk 00:03:14]} {[%emt 00:00:04]} 24. Re6 {[%clk 00:00:43]} {[%emt
00:00:14]} Rb8 {[%clk 00:03:07]} {[%emt 00:00:08]} 25. Re7 {[%clk 00:00:40]}
{[%emt 00:00:05]} Rbb7 {[%clk 00:03:06]} {[%emt 00:00:03]} 26. Rxd7 {[%clk
00:00:38]} {[%emt 00:00:04]} Rxd7 {[%clk 00:03:07]} {[%emt 00:00:01]} 27. Re6
{[%clk 00:00:40]} g5 {[%clk 00:03:00]} {[%emt 00:00:08]} 28. Nh5 {[%clk
00:00:38]} {[%emt 00:00:04]} Rb7 {[%clk 00:02:47]} {[%emt 00:00:15]} 29. f4
{[%clk 00:00:34]} {[%emt 00:00:07]} Nb5 {[%clk 00:02:37]} {[%emt 00:00:12]} 30.
fxg5 {[%clk 00:00:07]} {[%emt 00:00:27]} hxg5 {[%clk 00:02:38]} {[%emt
00:00:02]} 31. Nf6+ {[%clk 00:00:06]} {[%emt 00:00:04]} Kg7 {[%clk 00:02:38]}
32. Nxd5 {[%clk 00:00:07]} {[%emt 00:00:01]} Nxd4 {[%clk 00:02:39]} {[%emt
00:00:02]} 33. Rxb6 {[%clk 00:00:06]} {[%emt 00:00:02]} Rxb6 {[%clk 00:02:38]}
{[%emt 00:00:03]} 34. Nxb6 {[%clk 00:00:07]} c3 {[%clk 00:02:35]} {[%emt
00:00:05]} 35. Nd5 {[%clk 00:00:06]} {[%emt 00:00:03]} Nxc2 {[%clk 00:02:35]}
{[%emt 00:00:02]} 36. Nxc3 {[%clk 00:00:08]} Nxa3 {[%clk 00:02:35]} {[%emt
00:00:01]} 37. Kf2 {[%clk 00:00:09]} Kf6 {[%clk 00:02:36]} {[%emt 00:00:01]} 38.
Ke3 {[%clk 00:00:05]} {[%emt 00:00:06]} Ke5 {[%clk 00:02:37]} {[%emt 00:00:01]}
39. g3 {[%clk 00:00:05]} {[%emt 00:00:02]} Nc4+ {[%clk 00:02:37]} {[%emt
00:00:03]} 40. Kd3 {[%clk 00:00:06]} Nd6 {[%clk 00:02:38]} 41. Ke3 {[%clk
00:00:04]} {[%emt 00:00:04]} g4 {[%clk 00:02:37]} {[%emt 00:00:03]} 42. Kd3
{[%clk 00:00:03]} {[%emt 00:00:03]} a5 {[%clk 00:02:29]} {[%emt 00:00:10]} 43.
Nd1 {[%clk 00:00:05]} {[%emt 00:00:01]} Ne4 {[%clk 00:02:09]} {[%emt 00:00:22]}
44. Ne3 {[%clk 00:00:05]} {[%emt 00:00:01]} Nf2+ {[%clk 00:01:58]} {[%emt
00:00:13]} 45. Kc4 {[%clk 00:00:05]} {[%emt 00:00:02]} Ke4 {[%clk 00:01:58]}
{[%emt 00:00:02]} 46. Nxg4 {[%clk 00:00:06]} {[%emt 00:00:01]} Nxg4 {[%clk
00:01:58]} {[%emt 00:00:02]} 47. Kb5 {[%clk 00:00:07]} 1/2-1/2

[Event "World Youth & Cadets Blitz Championships"]
[Site "Rhodes, Greece"]
[Date "2022.05.03"]
[Round "6.14"]
[White "Dotzer, Lukas"]
[Black "Karvatskyi, Oleksii"]
[Result "1/2-1/2"]
[TimeControl "5'/game & 2\"/move"]
[WhiteElo "2026"]
[BlackElo "1902"]

1. e4 {[%clk 00:05:03]} {[%emt 00:00:01]} c5 {[%clk 00:05:03]} {[%emt
00:00:01]} 2. Nc3 {[%clk 00:05:03]} {[%emt 00:00:02]} Nc6 {[%clk 00:05:00]} 3.
Nge2 {[%clk 00:05:04]} {[%emt 00:00:06]} Nf6 {[%clk 00:04:46]} 4. g3 {[%clk
00:05:01]} {[%emt 00:00:20]} d6 {[%clk 00:04:44]} 5. Bg2 {[%clk 00:05:02]}
{[%emt 00:00:06]} g6 {[%clk 00:04:44]} 6. O-O {[%clk 00:05:01]} {[%emt
00:00:04]} Bg7 {[%clk 00:04:41]} 7. d3 {[%clk 00:04:57]} {[%emt 00:00:12]} O-O
{[%clk 00:04:36]} 8. h3 {[%clk 00:04:55]} {[%emt 00:00:11]} e6 {[%clk
00:04:23]} 9. Be3 {[%clk 00:04:47]} {[%emt 00:00:25]} Nd7 {[%clk 00:04:06]} 10.
f4 {[%clk 00:04:35]} {[%emt 00:00:34]} Nd4 {[%clk 00:04:00]} 11. Bf2 {[%clk
00:04:32]} {[%emt 00:00:12]} Rb8 {[%emt 00:00:20]} 12. Nxd4 {[%clk 00:04:26]}
{[%emt 00:00:02]} cxd4 {[%clk 00:03:46]} {[%emt 00:00:04]} 13. Ne2 {[%clk
00:04:16]} {[%emt 00:00:11]} e5 {[%clk 00:03:46]} {[%emt 00:00:03]} 14. c3
{[%clk 00:04:04]} {[%emt 00:00:14]} dxc3 {[%clk 00:03:30]} {[%emt 00:00:18]} 15.
Nxc3 {[%clk 00:03:59]} {[%emt 00:00:07]} f5 {[%clk 00:02:50]} {[%emt 00:00:42]}
16. Bxa7 {[%clk 00:03:48]} {[%emt 00:00:13]} Ra8 {[%clk 00:02:47]} {[%emt
00:00:04]} 17. Qb3+ {[%clk 00:03:47]} {[%emt 00:00:04]} Kh8 {[%clk 00:02:44]}
{[%emt 00:00:04]} 18. Be3 {[%clk 00:03:40]} {[%emt 00:00:09]} Nc5 {[%clk
00:02:36]} {[%emt 00:00:11]} 19. Qc2 {[%clk 00:03:20]} {[%emt 00:00:22]} fxe4
{[%clk 00:02:28]} {[%emt 00:00:10]} 20. dxe4 {[%clk 00:03:04]} {[%emt
00:00:18]} exf4 {[%clk 00:02:20]} {[%emt 00:00:10]} 21. gxf4 {[%clk 00:02:54]}
{[%emt 00:00:11]} Be6 {[%clk 00:02:06]} {[%emt 00:00:17]} 22. f5 {[%clk
00:02:00]} {[%emt 00:00:56]} gxf5 {[%clk 00:02:00]} {[%emt 00:00:08]} 23. exf5
{[%clk 00:02:00]} {[%emt 00:00:02]} Bc4 {[%clk 00:02:01]} {[%emt 00:00:01]} 24.
Rfd1 {[%clk 00:01:13]} {[%emt 00:00:49]} Qe7 {[%clk 00:01:53]} {[%emt
00:00:09]} 25. Bxc5 {[%clk 00:00:43]} {[%emt 00:00:33]} dxc5 {[%clk 00:01:53]}
{[%emt 00:00:02]} 26. Nd5 {[%clk 00:00:39]} {[%emt 00:00:06]} Qh4 {[%clk
00:01:46]} {[%emt 00:00:09]} 27. Qe4 {[%clk 00:00:29]} {[%emt 00:00:11]} Qxe4
{[%clk 00:01:37]} {[%emt 00:00:11]} 28. Bxe4 {[%clk 00:00:30]} {[%emt
00:00:02]} Bxb2 {[%clk 00:01:38]} {[%emt 00:00:02]} 29. Rab1 {[%clk 00:00:24]}
{[%emt 00:00:08]} Bd4+ {[%clk 00:01:37]} {[%emt 00:00:02]} 30. Kh1 {[%clk
00:00:20]} {[%emt 00:00:06]} Rxa2 {[%clk 00:01:25]} {[%emt 00:00:14]} 31. Rxb7
{[%clk 00:00:18]} {[%emt 00:00:04]} Re2 {[%clk 00:01:21]} {[%emt 00:00:06]} 32.
Bf3 {[%clk 00:00:05]} {[%emt 00:00:15]} Re5 {[%clk 00:01:22]} {[%emt 00:00:01]}
33. Ne7 {[%clk 00:00:05]} {[%emt 00:00:02]} Re8 {[%clk 00:01:15]} {[%emt
00:00:09]} 34. f6 {[%clk 00:00:06]} {[%emt 00:00:02]} Re3 {[%clk 00:01:12]}
{[%emt 00:00:05]} 35. Bd5 {[%clk 00:00:05]} {[%emt 00:00:02]} Bxf6 {[%clk
00:01:09]} {[%emt 00:00:05]} 36. Bxc4 {[%clk 00:00:06]} {[%emt 00:00:01]} R8xe7
{[%clk 00:01:06]} {[%emt 00:00:05]} 37. Rb8+ {[%clk 00:00:06]} {[%emt
00:00:02]} Kg7 {[%clk 00:01:07]} 38. Rg1+ {[%clk 00:00:07]} {[%emt 00:00:01]}
Kh6 {[%clk 00:01:06]} {[%emt 00:00:03]} 39. Rb6 {[%clk 00:00:08]} {[%emt
00:00:01]} Rf3 {[%clk 00:01:08]} 40. Bd5 {[%clk 00:00:09]} {[%emt 00:00:01]}
Rf5 {[%clk 00:00:51]} {[%emt 00:00:18]} 41. Be6 {[%clk 00:00:10]} {[%emt
00:00:01]} Rf4 {[%clk 00:00:48]} {[%emt 00:00:05]} 42. Bg4 {[%clk 00:00:09]}
{[%emt 00:00:03]} c4 {[%clk 00:00:45]} {[%emt 00:00:05]} 43. Rc6 {[%clk
00:00:09]} {[%emt 00:00:02]} c3 {[%clk 00:00:46]} {[%emt 00:00:01]} 44. Kg2
{[%clk 00:00:09]} {[%emt 00:00:03]} Kg5 {[%clk 00:00:44]} {[%emt 00:00:04]} 45.
Re6 {[%clk 00:00:07]} {[%emt 00:00:03]} Ra7 {[%clk 00:00:40]} {[%emt 00:00:06]}
46. Rc1 {[%clk 00:00:06]} {[%emt 00:00:02]} Ra2+ {[%clk 00:00:40]} {[%emt
00:00:03]} 47. Kg3 {[%clk 00:00:08]} Raa4 {[%clk 00:00:22]} {[%emt 00:00:21]}
48. h4+ {[%clk 00:00:08]} Kg6 {[%clk 00:00:23]} {[%emt 00:00:01]} 49. Be2
{[%clk 00:00:09]} Rxh4 {[%clk 00:00:22]} {[%emt 00:00:03]} 50. Rf1 {[%clk
00:00:10]} Rhf4 {[%clk 00:00:10]} {[%emt 00:00:15]} 51. Rxf4 {[%clk 00:00:11]}
{[%emt 00:00:01]} Rxf4 {[%clk 00:00:11]} 52. Kxf4 {[%clk 00:00:11]} {[%emt
00:00:01]} c2 {[%clk 00:00:13]} 53. Rc6 {[%clk 00:00:12]} {[%emt 00:00:02]}
c1=Q+ {[%clk 00:00:14]} 54. Rxc1 {[%clk 00:00:12]} {[%emt 00:00:01]} Bg5+
{[%clk 00:00:15]} 55. Kg4 {[%clk 00:00:13]} Bxc1 {[%clk 00:00:16]} 56. Bd3+
{[%clk 00:00:14]} Kh6 {[%clk 00:00:15]} {[%emt 00:00:01]} 57. Bxh7 {[%clk
00:00:15]} {[%emt 00:00:03]} Kxh7 {[%clk 00:00:16]} {[%emt 00:00:01]} 1/2-1/2

[Event "World Youth & Cadets Blitz Championships"]
[Site "Rhodes, Greece"]
[Date "2022.05.03"]
[Round "6.15"]
[White "Celik, Ali Alper"]
[Black "Korelskiy, Egor"]
[Result "0-1"]
[TimeControl "5'/game & 2\"/move"]
[WhiteElo "1213"]
[BlackElo "1993"]

1. d4 {[%clk 00:05:01]} {[%emt 00:00:03]} d5 {[%clk 00:05:03]} {[%emt
00:00:02]} 2. c4 {[%clk 00:05:01]} {[%emt 00:00:01]} e6 {[%clk 00:05:04]}
{[%emt 00:00:02]} 3. Nc3 {[%clk 00:05:01]} {[%emt 00:00:02]} c6 {[%clk
00:05:04]} {[%emt 00:00:01]} 4. Nf3 {[%clk 00:05:01]} {[%emt 00:00:02]} dxc4
{[%clk 00:05:05]} {[%emt 00:00:02]} 5. a4 {[%clk 00:05:00]} {[%emt 00:00:02]}
Bb4 {[%clk 00:05:05]} {[%emt 00:00:02]} 6. e3 {[%clk 00:05:00]} {[%emt
00:00:02]} b5 {[%clk 00:05:05]} {[%emt 00:00:02]} 7. Bd2 {[%clk 00:04:49]}
{[%emt 00:00:13]} a5 {[%clk 00:05:04]} {[%emt 00:00:04]} 8. axb5 {[%clk
00:04:23]} {[%emt 00:00:28]} Bxc3 {[%clk 00:05:03]} {[%emt 00:00:02]} 9. Bxc3
{[%clk 00:04:23]} {[%emt 00:00:02]} cxb5 {[%clk 00:05:04]} {[%emt 00:00:02]} 10.
b3 {[%clk 00:04:23]} {[%emt 00:00:01]} Bb7 {[%clk 00:05:05]} {[%emt 00:00:02]}
11. bxc4 {[%clk 00:04:17]} {[%emt 00:00:07]} b4 {[%clk 00:05:05]} {[%emt
00:00:02]} 12. Bd2 {[%clk 00:04:17]} {[%emt 00:00:02]} Nf6 {[%clk 00:05:04]}
{[%emt 00:00:03]} 13. Bd3 {[%clk 00:04:17]} {[%emt 00:00:02]} Nbd7 {[%clk
00:05:03]} {[%emt 00:00:02]} 14. O-O {[%emt 00:00:08]} O-O {[%clk 00:05:03]}
{[%emt 00:00:02]} 15. Re1 {[%clk 00:04:14]} {[%emt 00:00:01]} Ne4 {[%clk
00:04:51]} {[%emt 00:00:14]} 16. Qc2 {[%clk 00:04:07]} {[%emt 00:00:08]} f5
{[%clk 00:04:43]} {[%emt 00:00:09]} 17. c5 {[%clk 00:04:00]} {[%emt 00:00:10]}
Bd5 {[%clk 00:04:44]} {[%emt 00:00:02]} 18. Bc4 {[%clk 00:03:54]} {[%emt
00:00:07]} Ndf6 {[%clk 00:04:32]} {[%emt 00:00:13]} 19. Ne5 {[%clk 00:03:46]}
{[%emt 00:00:11]} Bxc4 {[%clk 00:04:01]} {[%emt 00:00:33]} 20. Nxc4 {[%clk
00:03:44]} {[%emt 00:00:03]} Qc7 {[%clk 00:03:18]} {[%emt 00:00:46]} 21. Ne5
{[%clk 00:03:37]} {[%emt 00:00:08]} Nd7 {[%clk 00:03:07]} {[%emt 00:00:14]} 22.
Nd3 {[%clk 00:03:17]} {[%emt 00:00:21]} Rfd8 {[%clk 00:02:28]} {[%emt
00:00:41]} 23. Reb1 {[%clk 00:03:12]} {[%emt 00:00:08]} Ndf6 {[%clk 00:02:26]}
{[%emt 00:00:05]} 24. f3 {[%clk 00:03:08]} {[%emt 00:00:05]} Nxd2 {[%clk
00:02:09]} {[%emt 00:00:20]} 25. Qxd2 {[%clk 00:03:08]} {[%emt 00:00:01]} Nd5
{[%clk 00:02:09]} {[%emt 00:00:02]} 26. Rc1 {[%clk 00:02:21]} {[%emt 00:00:49]}
Nc3 {[%clk 00:01:49]} {[%emt 00:00:22]} 27. Rxc3 {[%clk 00:02:10]} {[%emt
00:00:13]} bxc3 {[%clk 00:01:48]} {[%emt 00:00:03]} 28. Qxc3 {[%clk 00:02:11]}
{[%emt 00:00:01]} a4 {[%clk 00:01:44]} {[%emt 00:00:06]} 29. Ne5 {[%clk
00:02:10]} {[%emt 00:00:03]} Qb7 {[%clk 00:01:38]} {[%emt 00:00:09]} 30. Qc4
{[%clk 00:01:59]} {[%emt 00:00:12]} Qb3 {[%clk 00:01:09]} {[%emt 00:00:32]} 31.
Qxb3 {[%clk 00:01:15]} {[%emt 00:00:45]} axb3 {[%clk 00:01:08]} {[%emt
00:00:03]} 32. Rb1 {[%clk 00:01:17]} Rdb8 {[%clk 00:00:42]} {[%emt 00:00:28]}
33. c6 {[%clk 00:01:05]} {[%emt 00:00:13]} b2 {[%clk 00:00:26]} {[%emt
00:00:18]} 34. Kf2 {[%clk 00:01:03]} {[%emt 00:00:04]} h6 {[%clk 00:00:14]}
{[%emt 00:00:14]} 35. e4 {[%clk 00:00:58]} {[%emt 00:00:07]} Kh7 {[%clk
00:00:10]} {[%emt 00:00:06]} 36. d5 {[%clk 00:00:57]} {[%emt 00:00:03]} fxe4
{[%clk 00:00:05]} {[%emt 00:00:07]} 37. fxe4 {[%clk 00:00:57]} {[%emt
00:00:02]} exd5 {[%clk 00:00:05]} {[%emt 00:00:02]} 38. exd5 {[%clk 00:00:58]}
{[%emt 00:00:01]} Ra1 {[%clk 00:00:06]} {[%emt 00:00:01]} 39. c7 {[%clk
00:00:52]} {[%emt 00:00:09]} Rf8+ {[%clk 00:00:08]} 0-1

[Event "World Youth & Cadets Blitz Championships"]
[Site "Rhodes, Greece"]
[Date "2022.05.03"]
[Round "6.16"]
[White "Begmuratov, Khumoyun"]
[Black "Patel, Zain"]
[Result "1-0"]
[TimeControl "5'/game & 2\"/move"]
[WhiteElo "1961"]
[BlackElo "1746"]

1. e4 {[%clk 00:05:03]} e5 {[%clk 00:05:03]} {[%emt 00:00:02]} 2. Nf3 {[%clk
00:05:04]} {[%emt 00:00:01]} Nc6 {[%clk 00:05:03]} {[%emt 00:00:01]} 3. Bb5
{[%clk 00:05:05]} {[%emt 00:00:01]} a6 {[%clk 00:05:04]} {[%emt 00:00:01]} 4.
Ba4 {[%clk 00:05:06]} Nf6 {[%clk 00:05:05]} {[%emt 00:00:01]} 5. O-O {[%clk
00:05:05]} {[%emt 00:00:03]} Be7 {[%clk 00:05:06]} {[%emt 00:00:01]} 6. Re1
{[%clk 00:05:04]} {[%emt 00:00:03]} b5 {[%clk 00:05:06]} {[%emt 00:00:02]} 7.
Bb3 {[%clk 00:05:05]} {[%emt 00:00:01]} d6 {[%clk 00:05:07]} {[%emt 00:00:02]}
8. c3 {[%clk 00:05:01]} {[%emt 00:00:05]} O-O {[%clk 00:05:06]} {[%emt
00:00:02]} 9. h3 {[%clk 00:05:02]} {[%emt 00:00:02]} Nb8 {[%clk 00:05:07]} 10.
d4 {[%clk 00:05:02]} {[%emt 00:00:02]} Nbd7 {[%clk 00:05:08]} 11. Nbd2 {[%clk
00:05:02]} {[%emt 00:00:02]} Bb7 {[%clk 00:05:07]} {[%emt 00:00:03]} 12. Bc2
{[%clk 00:04:59]} {[%emt 00:00:04]} Re8 {[%clk 00:05:05]} {[%emt 00:00:05]} 13.
Nf1 {[%clk 00:05:00]} {[%emt 00:00:01]} Bf8 {[%clk 00:05:06]} 14. Ng3 {[%clk
00:05:02]} g6 {[%clk 00:05:07]} 15. a4 {[%clk 00:04:59]} {[%emt 00:00:04]} Bg7
{[%clk 00:05:07]} {[%emt 00:00:02]} 16. Bg5 {[%clk 00:04:44]} {[%emt 00:00:16]}
c6 {[%clk 00:04:34]} {[%emt 00:00:36]} 17. Qd2 {[%clk 00:04:27]} {[%emt
00:00:20]} Qc7 {[%clk 00:04:15]} {[%emt 00:00:20]} 18. Bh6 {[%clk 00:04:17]}
{[%emt 00:00:12]} Bh8 {[%clk 00:04:12]} {[%emt 00:00:06]} 19. Bb3 {[%clk
00:04:02]} {[%emt 00:00:17]} c5 {[%clk 00:03:58]} {[%emt 00:00:16]} 20. d5
{[%clk 00:03:57]} {[%emt 00:00:07]} c4 {[%clk 00:03:56]} {[%emt 00:00:04]} 21.
Bc2 {[%clk 00:03:49]} {[%emt 00:00:10]} Nc5 {[%clk 00:03:32]} {[%emt 00:00:26]}
22. a5 {[%clk 00:03:39]} {[%emt 00:00:12]} Rab8 {[%clk 00:02:44]} {[%emt
00:00:49]} 23. Nh4 {[%clk 00:03:29]} {[%emt 00:00:12]} Qe7 {[%clk 00:02:32]}
{[%emt 00:00:14]} 24. Nhf5 {[%clk 00:03:09]} {[%emt 00:00:23]} Qd8 {[%clk
00:02:15]} {[%emt 00:00:18]} 25. Ne3 {[%clk 00:02:51]} {[%emt 00:00:19]} Qd7
{[%clk 00:01:31]} {[%emt 00:00:46]} 26. Rf1 {[%clk 00:02:48]} {[%emt 00:00:06]}
Bg7 {[%clk 00:01:18]} {[%emt 00:00:16]} 27. Bxg7 {[%clk 00:02:48]} {[%emt
00:00:01]} Kxg7 {[%clk 00:01:18]} {[%emt 00:00:01]} 28. f4 {[%clk 00:02:48]}
{[%emt 00:00:03]} exf4 {[%clk 00:01:12]} {[%emt 00:00:08]} 29. Rxf4 {[%clk
00:02:49]} Qe7 {[%clk 00:01:00]} {[%emt 00:00:14]} 30. Nef5+ {[%clk 00:02:47]}
{[%emt 00:00:04]} gxf5 {[%clk 00:01:00]} {[%emt 00:00:02]} 31. Nxf5+ {[%clk
00:02:48]} Kf8 {[%clk 00:01:01]} {[%emt 00:00:02]} 32. Nxe7 {[%clk 00:02:48]}
{[%emt 00:00:02]} Kxe7 {[%clk 00:01:01]} {[%emt 00:00:02]} 33. Raf1 {[%clk
00:02:45]} {[%emt 00:00:04]} Ncd7 {[%clk 00:01:00]} {[%emt 00:00:04]} 34. Rxf6
{[%clk 00:02:45]} {[%emt 00:00:01]} Nxf6 {[%clk 00:01:01]} {[%emt 00:00:02]} 35.
Qg5 {[%clk 00:02:46]} {[%emt 00:00:01]} Rf8 {[%clk 00:00:52]} {[%emt 00:00:11]}
36. Rxf6 {[%clk 00:02:43]} {[%emt 00:00:05]} Kd7 {[%clk 00:00:51]} {[%emt
00:00:03]} 37. e5 {[%clk 00:02:43]} {[%emt 00:00:03]} Bxd5 {[%clk 00:00:50]}
{[%emt 00:00:03]} 38. Rxd6+ {[%clk 00:02:43]} {[%emt 00:00:01]} 1-0

[Event "World Youth & Cadets Blitz Championships"]
[Site "Rhodes, Greece"]
[Date "2022.05.03"]
[Round "6.17"]
[White "Erdogmus, Yagiz Kaan"]
[Black "Shevchenko, Yaroslav"]
[Result "1-0"]
[TimeControl "5'/game & 2\"/move"]
[WhiteElo "1813"]
[BlackElo "1600"]

1. e4 {[%clk 00:05:01]} {[%emt 00:00:03]} c5 {[%clk 00:05:03]} {[%emt
00:00:01]} 2. Nf3 {[%clk 00:05:02]} {[%emt 00:00:01]} e6 {[%clk 00:05:04]}
{[%emt 00:00:01]} 3. d4 {[%clk 00:05:03]} {[%emt 00:00:01]} cxd4 {[%clk
00:05:04]} {[%emt 00:00:01]} 4. Nxd4 {[%clk 00:05:04]} {[%emt 00:00:01]} Nc6
{[%clk 00:05:05]} {[%emt 00:00:02]} 5. Nc3 {[%clk 00:05:05]} {[%emt 00:00:01]}
Qc7 {[%clk 00:05:06]} 6. Ndb5 {[%clk 00:05:05]} {[%emt 00:00:01]} Qb8 {[%clk
00:05:06]} {[%emt 00:00:02]} 7. Be3 {[%clk 00:05:06]} {[%emt 00:00:01]} a6
{[%clk 00:05:07]} 8. Bb6 {[%clk 00:05:07]} {[%emt 00:00:01]} axb5 9. Nxb5
{[%clk 00:05:07]} Bb4+ {[%clk 00:05:09]} {[%emt 00:00:02]} 10. c3 {[%emt
00:00:01]} Ba5 {[%emt 00:00:01]} 11. Nc7+ {[%clk 00:05:05]} {[%emt 00:00:02]}
Qxc7 {[%clk 00:05:10]} {[%emt 00:00:02]} 12. Bxc7 {[%clk 00:05:05]} {[%emt
00:00:01]} Bxc7 {[%clk 00:05:10]} {[%emt 00:00:02]} 13. Qg4 {[%clk 00:05:04]}
{[%emt 00:00:03]} g6 {[%clk 00:04:38]} {[%emt 00:00:34]} 14. Bb5 {[%clk
00:04:57]} {[%emt 00:00:10]} Nf6 {[%clk 00:04:08]} {[%emt 00:00:31]} 15. Qe2
{[%clk 00:03:30]} {[%emt 00:01:29]} d6 {[%clk 00:03:51]} {[%emt 00:00:19]} 16.
O-O {[%clk 00:03:07]} {[%emt 00:00:24]} Bd7 {[%clk 00:03:50]} {[%emt 00:00:04]}
17. a4 {[%clk 00:03:08]} {[%emt 00:00:02]} O-O {[%clk 00:03:41]} {[%emt
00:00:09]} 18. Rfd1 {[%clk 00:02:59]} {[%emt 00:00:12]} Rad8 {[%clk 00:03:24]}
{[%emt 00:00:19]} 19. a5 {[%clk 00:02:01]} {[%emt 00:01:00]} d5 {[%clk
00:02:36]} {[%emt 00:00:51]} 20. exd5 {[%clk 00:01:07]} {[%emt 00:00:55]} Nxd5
{[%clk 00:02:34]} {[%emt 00:00:04]} 21. g3 {[%clk 00:00:54]} {[%emt 00:00:15]}
Nxa5 {[%emt 00:01:22]} 22. Bxd7 {[%clk 00:00:54]} {[%emt 00:00:02]} Rxd7 {[%clk
00:01:16]} 23. Qb5 {[%clk 00:00:36]} {[%emt 00:00:19]} Nc6 {[%clk 00:01:15]}
{[%emt 00:00:03]} 24. c4 {[%clk 00:00:25]} {[%emt 00:00:14]} Nf6 {[%clk
00:00:33]} {[%emt 00:00:43]} 25. Rxd7 {[%clk 00:00:25]} {[%emt 00:00:02]} Nxd7
{[%clk 00:00:34]} {[%emt 00:00:01]} 26. Qxb7 {[%clk 00:00:26]} {[%emt
00:00:01]} Nde5 {[%clk 00:00:18]} {[%emt 00:00:18]} 27. Qxc7 {[%clk 00:00:25]}
{[%emt 00:00:02]} Nf3+ {[%clk 00:00:19]} {[%emt 00:00:02]} 28. Kg2 {[%clk
00:00:26]} {[%emt 00:00:01]} Ncd4 {[%clk 00:00:20]} {[%emt 00:00:02]} 29. b4
{[%clk 00:00:23]} {[%emt 00:00:04]} h5 {[%clk 00:00:17]} {[%emt 00:00:05]} 30.
Qb7 {[%clk 00:00:13]} {[%emt 00:00:12]} Kg7 {[%clk 00:00:12]} {[%emt 00:00:07]}
31. Ra8 {[%clk 00:00:12]} {[%emt 00:00:03]} Ne1+ {[%clk 00:00:09]} {[%emt
00:00:05]} 32. Kf1 {[%clk 00:00:12]} {[%emt 00:00:01]} Nef3 {[%clk 00:00:10]}
{[%emt 00:00:02]} 33. Rxf8 {[%clk 00:00:10]} {[%emt 00:00:04]} Kxf8 {[%clk
00:00:11]} {[%emt 00:00:01]} 34. b5 {[%clk 00:00:10]} {[%emt 00:00:02]} Nxh2+
{[%clk 00:00:05]} {[%emt 00:00:08]} 35. Kg2 {[%clk 00:00:11]} Nhf3 {[%clk
00:00:06]} 36. b6 {[%clk 00:00:10]} {[%emt 00:00:03]} Ne1+ {[%clk 00:00:06]}
{[%emt 00:00:01]} 37. Kf1 {[%clk 00:00:11]} Nd3 {[%clk 00:00:06]} {[%emt
00:00:02]} 38. Qc8+ {[%clk 00:00:10]} {[%emt 00:00:04]} Kg7 {[%clk 00:00:07]}
{[%emt 00:00:02]} 39. Qd8 {[%clk 00:00:08]} {[%emt 00:00:04]} Nc6 {[%clk
00:00:04]} {[%emt 00:00:04]} 40. Qxd3 {[%clk 00:00:08]} {[%emt 00:00:02]} e5
{[%clk 00:00:05]} 41. Qd5 {[%clk 00:00:09]} {[%emt 00:00:01]} 1-0